000 00694na a2200217 4500
001 17280
003 MIRAKIL
005 20181213154957.0
008 161023b tu 000 0
035 _a17280
040 _aMilas
_btur
_cTR-AnCHP
041 _atur
082 _a364.1
_bK26y 2005
090 _a364.1 K26y 2005
111 _aKapkaç Kabusu ve Güvenlik Sempozyumu
_cİzmir
_d2005
245 _aYeni TCK ve CMUK ışığında kapkaç ve güvenlik Sempozyumu
_b(adi suçlar, siyasi suçlar, çıkar amaçlı suçlar)
_cEge-Koop
260 _aİzmir
_bEge-Koop
_c2005
300 _a101 s.
_bfotg.
_c20 sm.
650 _aKapkaç kabusu
_xSuç türleri
_yToplantılar
942 _2ddc
_cBKS
999 _c4221
_d4221